Sports Quiz

Random Sports Quiz

Leeds Rhinos Super League 2000-Present Quiz Stats

 Plays Quiz not verified by Sporcle

Challenge
Share
Tweet
Embed
Score 0/106 Timer 15:00
0 Plays Today
Year Of Debut Player % Correct
1997Kevin Sinfield
96.8%
2001Rob Burrow
93.6%
2001Danny McGuire
90.8%
2007Ryan Hall
87.6%
2006Jamie Peacock
83.4%
1999Keith Senior
80.6%
2011Zak Hardaker
76.3%
2004Marcus Bai
75.6%
1999Jamie Jones-Buchanan
74.6%
2005Lee Smith
74.2%
2002Ryan Bailey
73.1%
2007Kallum Watkins
71.9%
2004Carl Ablett
71.7%
2007Brent Webb
70%
1995Barrie McDermott
67.5%
2012Stevie Ward
67.1%
1999Danny Ward
66.8%
2001Matt Diskin
64%
2008Ben Jones-Bishop
63.6%
1997Iestyn Harris
60.4%
2001Mark Calderwood
56.9%
1999Chev Walker
56.5%
2002Ben Walker
55.8%
2006Scott Donald
55.5%
2010Brett Delaney
55.5%
2009Danny Buderus
52.3%
2001Andy Kirk
50.5%
2002Richard Mathers
49.1%
2007Kylie Leuluai
48.4%
2009Paul McShane
48.1%
2006Ian Kirke
47.7%
1994Adrian Morley
45.9%
2005Gareth Ellis
39.9%
1996Ryan Sheridan
38.9%
1996Anthony Farrell
37.5%
1995Leroy Rivett
37.1%
Year Of Debut Player % Correct
2002Wayne McDonald
37.1%
2010Chris Clarkson
37.1%
1997Darren Fleary
35%
2003David Furner
34.6%
2008Luke Burgess
33.6%
2012Richard Moore
33.2%
1997Andy Hay
32.9%
2002Matt Adamson
32.9%
2002Willie Poching
32.9%
2011Brad Singleton
32.2%
2004Ali Lauitiiti
31.4%
2006Clinton Toopi
31.4%
1996Richie Blackmore
31.1%
2005Ashley Gibson
30.7%
2003Chris McKenna
29.7%
2003Gary Connolly
29%
2012Shaun Lunt
28.7%
2010Greg Eastwood
28.6%
2010Kyle Amor
27.2%
2012Liam Hood
26.1%
1998Lee Jackson
25.8%
1996Marcus St Hilaire
25.1%
2002Nick Scruton
24.7%
2003Andrew Dunemann
24.4%
2012Darrell Griffin
24.4%
2001Tonie Carroll
23.3%
1996Paul Sterling
22.3%
2011Weller Hauraki
22.3%
2001Brett Mullins
21.6%
2006Jordan Tansey
20.8%
2003Liam Botham
20.1%
2006Danny Williams
19.8%
2009Jay Pitts
19.8%
1998Jamie Mathiou
19.4%
2001Bradley Clyde
19.1%
2000Paul Bell
18.7%
Year Of Debut Player % Correct
1998Karl Pratt
18.4%
2003Chris Feather
18.4%
2006Shane Millard
18.4%
2001Ewan Dowes
18%
2011Ben Cross
17.9%
2009Luke Ambler
17%
1997Garreth Carvell
15.9%
2006Mark O'Neill
15.5%
2010Tom Bush
15.5%
2005Scott Murrell
15.2%
2006Jamie Thackray
14.8%
2001Robbie Mears
14.5%
2008Eric Anselme
14.1%
2000David Barnhill
13.1%
2001Gary Mercer
13.1%
2006Nathan McAvoy
12.7%
1996Dean Lawford
12%
2001Jason Netherton
12%
2000Graham Mackay
11.7%
1999David Wrench
11.3%
2010Michael Coady
11.3%
2007Michael Ratu
8.5%
2008Simon Worrall
8.2%
2008Danny Allan
8.1%
2000Gareth Raynor
7.1%
1996Andy Speak
6.7%
2008Ben Kaye
6.7%
2008Michael Haley
6.4%
2003Jonny Hepworth
6%
2011George Elliott
6%
2001Jon Liddell
5.7%
2001Gareth Morton
4.9%
2008Joe Chandler
4.9%
2002Adrian Vowels
3.9%

You're not logged in!

Compare scores with friends on all Sporcle quizzes.
Join for Free
OR
Log In

You Might Also Like...

Show Comments

Extras

Top Quizzes Today


Score Distribution

Your Account Isn't Verified!

In order to create a playlist on Sporcle, you need to verify the email address you used during registration. Go to your Sporcle Settings to finish the process.

Report this User

Report this user for behavior that violates our Community Guidelines.

Details: